| 000 | 00510cam a2200193ua 4500 | ||
|---|---|---|---|
| 001 | 6694 | ||
| 008 | 140307n ii |||gr||||Z||||||eng | ||
| 020 | _a81-272-2309-3 | ||
| 040 | _cMAIN | ||
| 082 | _a657.45 | ||
| 245 |
_aAuditing : _bprinciples, practices and problems / _cBy Jagdish Prakash . |
||
| 250 | _a9th rev & enl ed. | ||
| 260 |
_aLudhiana: _bKalyani publishers, _c2009. |
||
| 300 | _ax,139p. | ||
| 653 | _aAccounting | ||
| 653 | _aAuditing | ||
| 700 |
_aPrakash,Jagdish, _eAuthor. |
||
| 942 | _cBK | ||
| 999 |
_c5842 _d5842 |
||